000 01404cam a2200409 4500
999 _c23417
_d23417
001 vtls011747109
005 20221010111932.0
008 200507s2018 xo g 000 f slo
020 _a9788056902004
_q(viazané)
035 _aurn:nbn:sk:snk-am00dxyy
035 _aurn:nbn:sk:snk-am3i91h
035 _a2C629614-B8EC-4FB4-B71E-AC05E603A78F
040 _aSVKBB
_bslo
_cSVKBB
_dSNK
_erda
041 1 _aslo
_hswe
044 _axo
_cSK
072 7 _a821.11
_xGermánske literatúry
_2konspekt
080 _a821.113.6-31
_22011
080 _a(0:82-312.4)
_22011
100 1 _aMankell, Henning,
_d1948-2015
_4aut
_91714
240 1 0 _aBrandvägg (Firewall)
_lSlovensky
245 1 0 _aNeviditeľný múr
_cHenning Mankell ; zo švédskeho originálu Brandvägg (Firewall) ... preložila Simona Jánošková
250 _aDruhé vydanie
264 1 _aBratislava
_bMarenčin PT
_c2018
300 _a525 strán
_c21 cm
336 _atext
_btxt
_2rdacontent
337 _abez média
_bn
_2rdamedia
338 _azväzok
_bnc
_2rdacarrier
490 1 _aSeverský triler
655 7 _ašvédske romány
_2SNKPH
_91715
655 7 _adetektívne romány
_2SNKPH
_91710
655 7 _aSwedish fiction
_2SNKPHeng
_91716
655 7 _aDetective novels
_2SNKPHeng
_91711
700 1 _aJánošková, Simona
_4trl
_93637
958 _aLX
958 _aUP